000 01374nam0a2200337 4500
001 RU\NLR\bibl\1188684
005 20260405191356.0
010 _a978-5-7797-0786-2
_910000
021 _aRU
_b2007-89443
_94832
035 _a(NLR Aleph) 001175250
090 _a1622846
_c1622846
100 _a20080214d2007 |||y0rusy50 ca
101 0 _arus
102 _aRU
105 _aa |||||||||
200 1 _aУчимся считать
_eпособие для детей 5-6 лет
_fЕ.В. Соколова, Н.Н. Нянковская
210 _aЯрославль
_cАкадемия развития
_d2007
215 _a126 с.
_cил.
_d26
225 1 _aШкола для малышей
300 _aНа обл. подзаг.: 5-6 лет
606 1 _aДошкольники
_jРуководства, пособия и т.п.
_xОбучение счету
_92236180
_3RU\NLR\auth\661341998
686 _aЧ411.383я7
700 1 _4070
_7ca
_8rus
_aСоколова
_bЕ. В.
_cпедагог, методист
_gЕлена Владиславовна
_936744
_3RU\NLR\auth\7753812
701 1 _4070
_7ca
_8rus
_aНянковская
_bН. Н.
_gНаталья Николаевна
_966342
_3RU\NLR\auth\7783414
801 0 _aRU
_bNLR
_c20080214
_gRCR
801 1 _aRU
_bNLR
_c20080214
830 _aавт. по кн.
942 _cBOOK
980 _aNB
980 _aNBR